000 00481nam a2200181Ia 4500
005 20250423095357.0
008 250422s9999 xx 000 0 und d
020 _a9789382036876
050 _aSH 331.G46/
100 _aGeorge, Nancy
245 0 _aFisheries conservation and management
260 _aNew Delhi, India
260 _bBlack prints Inc.
260 _c2016
300 _a364 p
650 _aFisheries. Fishes--Conservation. Fishery management.
942 _cBK
999 _c30089
_d30089